000 00760nam a2200229Ii 4500
003 JO-AjNU
008 230605s9999||||xx |||||||||||||| ||und||
017 _a1976/1879
020 _a977-256-016
040 _aJO-AjNU
_bara
_erda
_cJO-AjNU
041 _aara
050 1 4 _aJX1954.1976
100 3 _a مزاحم ،غسان يوسف ,
_eauthor
_916624
245 0 0 _aالمنظمات العربية المتخصصة في نطاق جامعة الدول العربية
250 _a(د،ط)
264 3 1 _aالقاهرة : جامعة الدول العربية ،1976
300 _a571ص
336 _atext
_btxt
_2rdacontent
337 _aunmediated
_bn
_2rdamedia
338 _avolume
_bnc
_2rdacarrier
650 4 _aجامعة الدول العربية
_916625
999 _aA4969
_c8537
_d8537